INTERIOR DESIGN AND DECORATION (Record no. 32140)
[ view plain ]
| 000 -LEADER | |
|---|---|
| fixed length control field | 00292nam a22001337a 4500 |
| 003 - CONTROL NUMBER IDENTIFIER | |
| control field | SGT |
| 020 ## - INTERNATIONAL STANDARD BOOK NUMBER | |
| International Standard Book Number | 9788123911922 |
| 082 ## - DEWEY DECIMAL CLASSIFICATION NUMBER | |
| Classification number | 729 |
| Item number | SEE |
| 100 ## - MAIN ENTRY--PERSONAL NAME | |
| Personal name | SEETHARAMAN PRASAD |
| 245 ## - TITLE STATEMENT | |
| Title | INTERIOR DESIGN AND DECORATION |
| 260 ## - PUBLICATION, DISTRIBUTION, ETC. (IMPRINT) | |
| Place of publication, distribution, etc | INDIA |
| Name of publisher, distributor, etc | CBS PUB. |
| Year of Publication | 2025 |
| 300 ## - PAGE DESCRIPTION | |
| No. of Pages | 336 |
| 942 ## - ADDED ENTRY ELEMENTS (KOHA) | |
| Source of classification or shelving scheme | Dewey Decimal Classification |
| Koha item type | Books |
| Withdrawn status | Lost status | Source of classification or shelving scheme | Damaged status | Not for loan | Home library | Current library | Shelving location | Date acquired | Vendor Name | Cost, normal purchase price | SGTU | Bill Number | Full call number | Accession No. (Barcode) | Date last seen | Bill Date | Koha item type | Total Checkouts |
|---|---|---|---|---|---|---|---|---|---|---|---|---|---|---|---|---|---|---|
| Dewey Decimal Classification | Not For Loan | SGT Science & Social Sciences Library | SGT Science & Social Sciences Library | Reference Book | 21/07/2025 | BRIJWASI BOOK DISTRIBUTORS DELHI | 575.00 | SGTU | BW/000218 | 729 SEE | FF829 | 21/07/2025 | 30/06/2025 | Books | ||||
| Dewey Decimal Classification | SGT Science & Social Sciences Library | SGT Science & Social Sciences Library | Text Book | 21/07/2025 | BRIJWASI BOOK DISTRIBUTORS DELHI | 575.00 | SGTU | BW/000218 | 729 SEE | FF830 | 21/07/2025 | 30/06/2025 | Books | |||||
| Dewey Decimal Classification | SGT Science & Social Sciences Library | SGT Science & Social Sciences Library | Text Book | 21/07/2025 | BRIJWASI BOOK DISTRIBUTORS DELHI | 575.00 | SGTU | BW/000218 | 729 SEE | FF831 | 21/07/2025 | 30/06/2025 | Books |